| 000 | 00895nam a2200205Ii 4500 | ||
|---|---|---|---|
| 003 | JO-AjNU | ||
| 008 | 230605s9999||||xx |||||||||||||| ||und|| | ||
| 040 |
_aJO-AjNU _bara _erda _cJO-AjNU |
||
| 041 | _aara | ||
| 050 | 1 | 4 | _aLC3957.S57.2002 |
| 100 | 3 |
_aإعداد كمال سالم سيسالم, _eauthor _929952 |
|
| 245 | 0 | 0 | _a موسوعة التربية الخاصة والتأهيل النفسي |
| 250 | _aالطبعة الأولى | ||
| 264 | 3 | 1 | _aالعين، الإمارات العربية المتحدة: دار الكتاب الجامعي، 2002 |
| 300 | _a523ص | ||
| 336 |
_atext _btxt _2rdacontent |
||
| 337 |
_aunmediated _bn _2rdamedia |
||
| 338 |
_avolume _bnc _2rdacarrier |
||
| 650 | 4 |
_aالمعوقون -- تربية -- دوائر معارف -- المعوقون -- تعليم -- دوائر معارف -- المعوقون -- علم نفس -- دوائر معارف _929953 |
|
| 999 |
_aA11814 _c15382 _d15382 |
||